01023nam a2200217 a 450000500170000002000330001704000190005008200160006910000180008524500680010325000120017126000300018330000310021350400330024452002290027754602180050665000220072465000250074665000140077170000200078520250924061500.0 a9780273720362cTZS 165,010/= aMULbengeAACR00a657.835 JON1 aJones, Rowan.10aPublic sector accounting /cRowan Jones and Maurice Pendlebury. a6th ed. aLondon :bPearson,c2010. ax, 146p. :bill. ;c25 cm. aIncludes index (p. 141-146). aThis book provides a comprehensive examination of the special issues concerning accounting in the public sector of the economy, discussing why public sector accounting is different from accounting for business organisations. a1 The nature of the public sector 2. Performance measurement 3. Fundamentals of accounting 4. Budgetary policies and processes 5. Form and contents of budgets 6. Budgetary control 7. Costing 8. Financial reporting 0aBudgetary control 0aFinancial reporting  0aAuditing 1 aPendlebury, M.